| 000 | 00723cab a2200217 4500 | ||
|---|---|---|---|
| 001 | ABS38456 | ||
| 008 | 090401t1987 xxu||||| |||| 00| 0 eng d | ||
| 035 | _a(Sirsi) u10743 | ||
| 041 | _aeng | ||
| 100 | _aChristian, C. | ||
| 245 | _aHi-tech winter of discontent | ||
| 260 | _c1987 | ||
| 350 | _a0 | ||
| 490 |
_aFinancial Adviser _v(28) 5 November 1987, 18(1) |
||
| 520 | _aIn the light of the recent storm, this article looks at ways in which companies can mitigate the disruption to their computer systems and telecommunications caused by power cuts and downed telephone lines. | ||
| 650 | _aCOMPUTERS | ||
| 650 | _aELECTRICITY SUPPLY | ||
| 690 | _aPRACTICE AND TECHNIQUES | ||
| 942 | _n0 | ||
| 948 | _c04/03/1997 | ||
| 999 |
_c6826 _d6826 |
||